Nazioni Squadra della stagione della UEFA Europa Conference League - Statistics

Statistiche generali
  • Questo quiz è stato fatto 7 volte
    3 dall'ultimo reset
  • Il punteggio medio è 8 su 18
Statistiche sulle risposte
Numero apparizioni Edizioni apparizioni Continente Nazione % Corretto
3 2021-2022; 2022-2023; 2023-2024 Europa Italia
100%
1 2022-2023 America del Sud Argentina
67%
2 2022-2023, 2023-2024 America del Sud Brasile
67%
2 2021-2022; 2022-2023 Europa Inghilterra
67%
2 2022-2023; 2023-2024 Africa Marocco
67%
2 2021-2022; 2023-2024 Europa Portogallo
67%
1 2022-2023 Europa Svizzera
67%
1 2021-2022 Europa Austria
33%
1 2023-2024 Europa Belgio
33%
1 2021-2022 America del Sud Colombia
33%
2 2021-2022; 2022-2023 Europa Francia
33%
2 2022-2023, 2023-2024 America del Nord Giamaica
33%
1 2023-2024 Europa Grecia
33%
1 2021-2022 Africa Nigeria
33%
1 2021-2022 Europa Paesi Bassi
33%
1 2023-2024 Europa Repubblica Ceca
33%
1 2023-2024 Europa Scozia
0%
1 2022-2023 Europa Serbia
0%
Nessun quiz corrispondente trovato
Distribuzione punteggi
Percentuale di utenti per punteggio
Percentile per numero di risposta
I tuoi punteggi nel tempo
Non hai fatto questo quiz dall'ultimo reset